00582cam a22001692 4500001001100000005001700011008004100028020000900069040001500078050001700093245013700110260003300247300001500280651004600295700003500341700003600376000000038720151217155800.0070126s xx 000 0 eng d cKES  aKABUcKABU 0aBL2400b.H5714aThe Historical study of African religion with special reference to East and Central Africa /ced. by T. O. Ranger and I. N. Kimambo. aNairobi :bHeinemann,c1972. aix, 307 p. 0aAfricaxReligionxCongresses.@00001485561 aRanger, T. O.eed.@00001485571 aKimambo, I. N.eed.@0000148558